Stredoveký hrádok v Horovciach

Podrobná bibliografia
Hlavní autori: Ševčíková, Zuzana, 1947- (Autor), Janura, Tomáš, 1983- (Autor)
Médium: Článok
Jazyk:slovenčina
Fyzický popis:Fotogr., obr.
ISSN:1335-4353
Predmet:

MARC

LEADER 00000nab a2200000 a 4500
001 vtls009007274
003 SK-MaSNL
005 20260303065436.0
008 140429c2007 xo |||||| | 000 b|slo
015 |a SNBRB2007/07  |2 snkbucl 
038 |a SNKBUCL 
040 |a SNKBUCL  |b slo  |c SNKBUCL  |e AACR2 
041 0 |a slo  |b eng  |b ger 
044 |a xo  |c SK 
080 |a 904:728.8  |x (437.6)  |2 1997 
080 |a 728.8  |x (437.6)  |2 1997 
100 1 |a Ševčíková, Zuzana,  |d 1947-  |4 aut  |9 196030 
245 1 0 |a Stredoveký hrádok v Horovciach  |c Zuzana Ševčíková, Tomáš Janura 
300 |b Fotogr., obr. 
504 |a Literatúra a pramene 
546 |a Res. angl., nem. 
610 2 7 |a Horovce (Púchov, Slovensko : kaštieľ)  |2 snkbucl  |9 170441 
650 0 7 |a hrádky  |2 snkbucl  |9 71598 
650 0 7 |a kaštiele  |2 snkbucl  |9 28599 
651 7 |a Horovce (Púchov, Slovensko)  |2 snkbucl  |9 159583 
700 1 |a Janura, Tomáš,  |d 1983-  |4 aut  |9 186839 
773 0 |t Pamiatky a múzeá  |g Roč. 56, č. 2 (2007), s. 20-24  |x 1335-4353 
852 |a SNK  |b KIS3GCP 
958 |a NB 
958 |a SK 
999 |c 1751215  |d 1753145